[Event "Østlandsserien 2016/2017, 3. div. D"]
[Site "Lillestrøm, Akershus NOR"]
[Date "2016.12.04"]
[Round "2"]
[White "Barton, Zdenek"]
[Black "Simonsen, Steinar"]
[Result "0-1"]
[WhiteElo "1641"]
[BlackElo "1272"]
[Annotator "Lea, Per"]
[PlyCount "80"]
[EventDate "2016.10.30"]
[Board "2"]
[WhiteTeam "Lillestrøm"]
[BlackTeam "Follo 3"]

1. e4 e6 2. d4 d5 3. Nc3 Nf6 4. e5 Nfd7 5. Nf3 c5 6. Be3 Nc6 7. Be2 cxd4 8.
Bxd4 Bc5 9. Bxc5 Nxc5 10. O-O a6 11. Re1 O-O 12. Qd2 d4 13. Nd1 b5 14. Rc1 Bb7
15. Qf4 $2 (15. a3 f5 16. exf6 Qxf6 {gir omtrent lik stilling}) 15... Qa5 16.
c3 $2 d3 $1 17. b4 Qxa2 18. Bf1 Nb3 19. Bxd3 Nxc1 20. Qxc1 Qd5 21. Be4 Qd7 22.
Qg5 h6 23. Qh5 Ne7 24. Bb1 Bxf3 25. Qxf3 Rad8 26. Ne3 Ng6 27. Qe4 Qd2 28. Rf1
Qxc3 29. g3 Qxe5 30. Qc6 Rd6 31. Qc1 Rfd8 32. Bxg6 fxg6 33. Qc7 Qf6 34. Ng4 Qf7
35. Qc2 Qf5 36. Qxf5 gxf5 37. Ne3 Rd4 38. Rb1 g5 39. Ra1 R8d6 40. Rb1 f4 0-1

[Event "Østlandsserien 2016/2017, 3. div. D"]
[Site "Lillestrøm, Akershus NOR"]
[Date "2016.12.04"]
[Round "2"]
[White "Bø, Martin"]
[Black "Harberg, Sven E."]
[Result "0-1"]
[WhiteElo "1191"]
[BlackElo "1566"]
[Annotator "Bø, Martin"]
[PlyCount "70"]
[EventDate "2016.10.30"]
[Board "3"]
[WhiteTeam "Follo 3"]
[BlackTeam "Lillestrøm"]

1. d4 Nf6 2. c4 e6 3. Nf3 b6 4. g3 Bb7 5. Bg2 Bb4+ 6. Nbd2 O-O 7. O-O a5 8. a3
Bxd2 9. Bxd2 h6 10. b4 d6 11. Bc3 Nbd7 12. Qb3 Be4 13. Rfd1 Qc8 14. Rac1 axb4
15. Bxb4 (15. axb4) 15... Qb7 16. Ne1 Bxg2 17. Nxg2 Rfe8 18. Bc3 Qa6 19. Bb2 e5
20. d5 $2 (20. dxe5 Nxe5 21. Ne3 $15) 20... Nc5 21. Qb5 Qa4 22. Ne1 Ra5 23. Qb4
Rea8 24. Nd3 Nfd7 25. Qc3 Nb3 26. f4 (26. Rb1) 26... Nxc1 27. Rxc1 f6 28. g4
Re8 29. h4 Nc5 30. Nb4 Qb3 31. Nd3 Qxc3 32. Rxc3 Nxd3 33. exd3 exf4 34. Rc1 Re2
35. Rb1 Ra8 0-1

[Event "Østlandsserien 2016/2017, 3. div. D"]
[Site "Lillestrøm, Akershus NOR"]
[Date "2016.12.04"]
[Round "2"]
[White "Ramsøy, Sveinung"]
[Black "Thowsen, Alf Geir"]
[Result "1/2-1/2"]
[WhiteElo "1384"]
[BlackElo "1161"]
[PlyCount "114"]
[EventDate "2016.10.30"]
[Board "4"]
[WhiteTeam "Lillestrøm"]
[BlackTeam "Follo 3"]

1. d4 Nf6 2. Nf3 d5 3. g3 g6 4. Bg2 Bg7 5. O-O O-O 6. Nbd2 b6 7. Ne5 Ng4 8.
Nxg4 Bxg4 9. Nf3 Nd7 10. h3 Bf5 11. Nh4 Be6 12. c4 c6 13. cxd5 cxd5 14. e3 Nf6
15. b3 Qd7 16. Kh2 Rac8 17. Bb2 Rc7 18. Rc1 Rfc8 19. Rxc7 Rxc7 20. Qb1 Ne4 21.
Bxe4 dxe4 22. Qxe4 Bxh3 23. Rc1 Rxc1 24. Bxc1 Be6 25. Qa8+ Qc8 26. Qxc8+ Bxc8
27. Bb2 Bb7 28. Ng2 Be4 29. Nf4 b5 30. b4 e6 31. Nh3 Bf8 32. a3 Be7 33. Ng1 f5
34. Ne2 a6 35. Nc3 Bc6 36. f4 g5 37. fxg5 Bxg5 38. Bc1 Kf7 39. Kh3 h5 40. Ne2
Bf3 41. Nf4 Bg4+ 42. Kg2 h4 43. gxh4 Bxh4 44. Nd3 Bd8 45. Nc5 Bb6 46. Nxa6 Kf6
47. Nc5 Bc7 48. Nd7+ Ke7 49. Nc5 Be2 50. Kf2 Bc4 51. Kf3 e5 52. dxe5 Bxe5 53.
a4 Bd6 54. axb5 Bxb5 55. Bd2 Bc6+ 56. Kf2 Bxc5 57. bxc5 Ke6 1/2-1/2

[Event "Østlandsserien 2016/2017, 4. div. D"]
[Site "Bærum, Akershus NOR"]
[Date "2016.12.04"]
[Round "2"]
[White "Midtgard, Anders"]
[Black "Hestvik, Elias"]
[Result "1/2-1/2"]
[WhiteElo "1138"]
[BlackElo "753"]
[Annotator "Einervoll, Olav"]
[PlyCount "37"]
[EventDate "2016.10.30"]
[Board "1"]
[WhiteTeam "Follo 4"]
[BlackTeam "Bærum 3"]

1. d4 Nf6 2. Nf3 e6 3. c4 d5 4. Nc3 Bb4 5. Bg5 Nbd7 6. Qc2 b6 7. e3 h6 8. Bh4
Bb7 9. a3 Bxc3+ 10. Qxc3 O-O 11. Be2 Re8 12. O-O Ne4 13. Qc2 Ndf6 14. Ne5 c5
15. Rfd1 Qc7 16. Rac1 Rac8 17. f3 Nd6 18. cxd5 Nxd5 19. Bf2 {[%emt 0:00:03]
Hvit står best. +0.56 Stockfish 8 dybde 0/49. Små unøyaktigheter her og der i
partiet. Her burde nok ikke Anders akseptert remis med tanke på at stillingen
var 2-1 til Bærum 3} 1/2-1/2

[Event "Østlandsserien 2016/2017, 2. div. A"]
[Site "Ås, Akershus NOR"]
[Date "2017.01.14"]
[Round "3"]
[White "Lillevold, Frode"]
[Black "Hoel, Jørgen"]
[Result "0-1"]
[WhiteElo "2081"]
[BlackElo "1897"]
[PlyCount "88"]
[EventDate "2016.10.30"]
[Board "1"]
[WhiteTeam "Strømmen 1"]
[BlackTeam "Follo 1"]

1. d4 Nf6 2. c4 c5 3. d5 e6 4. Nc3 exd5 5. cxd5 d6 6. e4 g6 7. Nge2 Bg7 8. Ng3
O-O 9. Be2 a6 10. a4 Qc7 11. O-O Nbd7 12. Be3 Rb8 13. Rc1 Ne5 14. h3 Qe7 15.
Qd2 b6 16. Bg5 Re8 17. f4 Ned7 18. e5 dxe5 19. d6 Qf8 20. f5 Bb7 21. fxg6 hxg6
22. Bc4 e4 23. Rce1 Rbd8 24. Ba2 Re5 25. Re2 Kh8 26. Ref2 Rxg5 27. Qxg5 Bh6 28.
Qh4 g5 29. Qxe4 Nxe4 30. Ncxe4 Ne5 31. Rf5 Qg7 32. Nh5 Qg6 33. Neg3 Qxd6 34.
R1f2 Bd5 35. Rf6 Qf8 36. Bxd5 Rxd5 37. Nf5 Ng6 38. Ne3 Rd3 39. Ng4 Bg7 40. Rxf7
Rd1+ 41. Kh2 Qd6+ 42. g3 Qd5 43. R2f3 Rd2+ 44. Nf2 Ne5 0-1

[Event "Østlandsserien 2016/2017, 2. div. A"]
[Site "Ås, Akershus NOR"]
[Date "2017.01.14"]
[Round "3"]
[White "Moripen, Markus"]
[Black "Sidselrud, Steinar"]
[Result "0-1"]
[WhiteElo "1886"]
[BlackElo "1990"]
[PlyCount "71"]
[EventDate "2016.10.30"]
[Board "2"]
[WhiteTeam "Follo 1"]
[BlackTeam "Strømmen 1"]

1. e4 d6 2. Nf3 Nf6 3. Nc3 g6 4. Bc4 Bg7 5. O-O O-O 6. d4 Nxe4 7. Bxf7+ Rxf7 8.
Nxe4 h6 9. Qd3 Bf5 10. d5 Na6 11. Be3 Nb4 12. Qc4 a5 13. Neg5 hxg5 14. Nxg5 Bf6
15. Nxf7 Kxf7 16. Rad1 Qd7 17. Rd2 b5 18. Qf4 Rh8 19. Qf3 Nxc2 20. Rc1 Nb4 21.
Qe2 Be4 22. f3 Bxd5 23. a3 Na2 24. Rxd5 Nxc1 25. Bxc1 c5 26. Be3 Qe6 27. Rd2
Rh5 28. Bf4 Bd4+ 29. Kf1 Qb3 30. g4 Rh8 31. Kg2 Bf6 32. g5 Bd4 33. Bg3 Rf8 34.
Qe4 d5 35. Qg4 Qe3 36. Qf4+ {Hvit tapte på tid.} 0-1

[Event "Østlandsserien 2016/2017, 2. div. A"]
[Site "Ås, Akershus NOR"]
[Date "2017.01.14"]
[Round "3"]
[White "Grasmo, Øystein"]
[Black "Barane, Simon"]
[Result "1-0"]
[WhiteElo "1680"]
[BlackElo "1829"]
[PlyCount "79"]
[EventDate "2016.10.30"]
[Board "3"]
[WhiteTeam "Strømmen 1"]
[BlackTeam "Follo 1"]

1. e4 c5 2. a3 g6 3. Nc3 Bg7 4. Nf3 Nf6 5. Bc4 Nc6 6. d3 O-O 7. Be3 d6 8. h3 e6
9. Ba2 b6 10. Qd2 d5 11. Bg5 dxe4 12. Nh2 exd3 13. Ng4 Qd4 14. Be3 Qd6 15.
O-O-O Ba6 16. Bh6 Bh8 17. Qg5 Nxg4 18. hxg4 f6 19. Bxf8 Rxf8 20. Qh6 Rf7 21.
Rh3 Ne5 22. Qf4 g5 23. Qa4 b5 24. Nxb5 Qc6 25. Nc3 Qxg2 26. Rg3 Qxf2 27. Rgg1
Qe3+ 28. Kb1 Nf3 29. Qxa6 dxc2+ 30. Kxc2 Nxg1 31. Qxe6 Qxe6 32. Bxe6 Nf3 33.
Bxf7+ Kxf7 34. Rd7+ Kg6 35. Rxa7 Ne5 36. a4 Nxg4 37. a5 h5 38. a6 Ne3+ 39. Kd3
Nd1 40. Nxd1 1-0

[Event "Østlandsserien 2016/2017, 2. div. A"]
[Site "Ås, Akershus NOR"]
[Date "2017.01.15"]
[Round "4"]
[White "Sømhovd, Ivar"]
[Black "Hoel, Jørgen"]
[Result "0-1"]
[WhiteElo "1854"]
[BlackElo "1897"]
[PlyCount "92"]
[EventDate "2016.10.30"]
[Board "1"]
[WhiteTeam "Nordstrand 3"]
[BlackTeam "Follo 1"]

1. e4 c5 2. Nf3 d6 3. d3 Nc6 4. g3 g6 5. Bg2 Bg7 6. O-O Nf6 7. c3 O-O 8. Re1
Bg4 9. h3 Bd7 10. Be3 Rc8 11. e5 Nxe5 12. Nxe5 dxe5 13. Bxb7 Rb8 14. Bg2 Qc8
15. Kh2 Rxb2 16. Nd2 Rb8 17. Nc4 Be6 18. Nxe5 Nd5 19. d4 Nxc3 20. Qc2 Nd5 21.
Bxd5 Bxd5 22. Rac1 cxd4 23. Bxd4 Qxc2 24. Rxc2 Rfc8 25. Rxc8+ Rxc8 26. Bxa7 Ra8
27. Bc5 Rxa2 28. Nd3 e6 29. Nb4 Bc3 30. Nxa2 Bxe1 31. Nc1 Bc4 32. Kg1 e5 33. g4
Bd2 34. Ba3 e4 35. Kg2 f5 36. gxf5 gxf5 37. Bb2 f4 38. Ba3 Kf7 39. Bb2 Ke6 40.
Ba3 Ke5 41. Bb2+ Kd5 42. h4 Ke6 43. Kh3 Be1 44. Kg4 Bd2 45. Kh5 e3 46. fxe3 f3
0-1

[Event "Østlandsserien 2016/2017, 2. div. A"]
[Site "Ås, Akershus NOR"]
[Date "2017.01.15"]
[Round "4"]
[White "Moripen, Markus"]
[Black "Synnestvedt, Jan"]
[Result "1/2-1/2"]
[WhiteElo "1886"]
[BlackElo "1767"]
[PlyCount "64"]
[EventDate "2016.10.30"]
[Board "2"]
[WhiteTeam "Follo 1"]
[BlackTeam "Nordstrand 3"]

1. e4 e5 2. Nf3 Nc6 3. Bc4 d6 4. h3 Be7 5. O-O Nf6 6. Qe2 O-O 7. c3 Na5 8. Bb3
a6 9. Ba4 b5 10. Bc2 c5 11. d4 cxd4 12. cxd4 Nc6 13. Rd1 Qc7 14. Bg5 Bb7 15.
Nc3 Rac8 16. Bxf6 Bxf6 17. Nd5 Qd8 18. dxe5 Nxe5 19. Nxe5 Bxe5 20. Bb3 Bxd5 21.
Rxd5 Rc5 22. Rad1 Rxd5 23. Rxd5 Qf6 24. Qd2 Rc8 25. g3 Qf3 26. Qd3 Qxd3 27.
Rxd3 g5 28. Kg2 Kf8 29. Kf3 Ke7 30. Kg4 h6 31. Rd2 Rc1 32. Bd5 Rc7 1/2-1/2

[Event "Østlandsserien 2016/2017, 2. div. A"]
[Site "Ås, Akershus NOR"]
[Date "2017.01.15"]
[Round "4"]
[White "Nilsen, Trond E"]
[Black "Barane, Simon"]
[Result "1/2-1/2"]
[WhiteElo "1717"]
[BlackElo "1829"]
[PlyCount "95"]
[EventDate "2016.10.30"]
[Board "3"]
[WhiteTeam "Nordstrand 3"]
[BlackTeam "Follo 1"]

1. d4 Nf6 2. c4 e5 3. dxe5 Ng4 4. Nf3 Bc5 5. e3 Nc6 6. Nc3 Ngxe5 7. Be2 O-O 8.
O-O d6 9. a3 Nxf3+ 10. Bxf3 Ne5 11. b3 Qf6 12. Bb2 Nxf3+ 13. Qxf3 Qxf3 14. gxf3
Be6 15. Kh1 f5 16. Rg1 g6 17. Ne2 Kf7 18. Nf4 Rg8 19. Rg3 Rad8 20. Rd1 c6 21.
Rh3 h5 22. Rg3 d5 23. Rdg1 dxc4 24. Nxe6 Kxe6 25. Rxg6+ Rxg6 26. Rxg6+ Kf7 27.
Rf6+ Ke7 28. Rxf5 c3 29. Bxc3 Bxa3 30. Rxh5 Rd1+ 31. Kg2 Rb1 32. Rh7+ Kd6 33.
Rxb7 c5 34. h4 c4 35. b4 Rb3 36. h5 Rxc3 37. h6 Bb2 38. Rxa7 Rb3 39. Ra6+ Kd7
40. Ra7+ Kd6 41. Ra6+ Kd7 42. h7 Rxb4 43. Ra8 Rb6 44. h8=Q Bxh8 45. Rxh8 c3 46.
Rh1 Rg6+ 47. Kf1 Rd6 48. Kg2 1/2-1/2

[Event "Østlandsserien 2016/2017, 2. div. A"]
[Site "Ås, Akershus NOR"]
[Date "2017.01.15"]
[Round "4"]
[White "Støle, Andreas"]
[Black "Dyrnes, Jussi"]
[Result "1-0"]
[WhiteElo "1632"]
[BlackElo "1668"]
[PlyCount "65"]
[EventDate "2016.10.30"]
[Board "4"]
[WhiteTeam "Follo 1"]
[BlackTeam "Nordstrand 3"]

1. e4 d6 2. d4 Nf6 3. Nc3 Nbd7 4. Nf3 e5 5. Bc4 h6 6. O-O c6
7. Qe2 Be7 8. Rd1 Qc7 9. a4 a5 10. h3 Nh7 11. b3 O-O 12. Ba3 exd4 13. Nxd4 Ne5
14. Nf5 Bxf5 15. exf5 Rfe8 16. Bd3 Bg5 17. Ne4 d5 18. Bd6 Qd8 19. Nxg5 Nxd3 20.
Qxd3 Nxg5 21. Bf4 Ne4 22. Qd4 Qh4 23. Bh2 Qh5 24. f3 c5 25. Qd3 Nf6 26. Re1 d4
27. Bd6 b6 28. c3 dxc3 29. Be5 Qh4 30. Bxc3 Red8 31. Bxf6 Qxf6 32. Qe4 Rd4 33.
Qxa8+ 1-0

[Event "Østlandsserien 2016/2017, 3. div. B"]
[Site "Ås, Akershus NOR"]
[Date "2017.01.15"]
[Round "3"]
[White "Andersen, Jonatan M"]
[Black "Lange, Holger"]
[Result "1-0"]
[WhiteElo "1746"]
[BlackElo "1598"]
[PlyCount "53"]
[EventDate "2016.10.30"]
[Board "1"]
[WhiteTeam "Moss 2"]
[BlackTeam "Follo 2"]

1. e4 Nf6 2. e5 Nd5 3. d4 d6 4. c4 Nb6 5. exd6 exd6 6. Nc3 Be7 7. Bd3 Nc6 8.
Nge2 Bf6 9. Be3 O-O 10. a3 Bg4 11. O-O Re8 12. Qd2 Na5 13. Qc2 Naxc4 14. Bxh7+
Kh8 15. Bf5 Bxe2 16. Qxe2 g6 17. Bd3 Nxe3 18. fxe3 Bxd4 19. Qg4 Bxe3+ 20. Kh1
Kg7 $4 21. Rxf7+ Kxf7 22. Bxg6+ Ke7 23. Re1 Rg8 24. Rxe3+ Kf8 25. Qf5+ Kg7 26.
Qf7+ Kh6 27. Rh3+ 1-0

[Event "Østlandsserien 2016/2017, 3. div. B"]
[Site "Ås, Akershus NOR"]
[Date "2017.01.15"]
[Round "3"]
[White "Furnes, Torstein"]
[Black "Jenssen, Ove S"]
[Result "1-0"]
[WhiteElo "1565"]
[BlackElo "1758"]
[Annotator "Furnes, Torstein"]
[PlyCount "81"]
[EventDate "2016.10.30"]
[Board "2"]
[WhiteTeam "Follo 2"]
[BlackTeam "Moss 2"]

1. d4 Nf6 2. c4 c5 3. d5 b5 4. cxb5 a6 5. Nc3 axb5 6. Nxb5 g6 7. e3 d6 8. Nf3
Bg7 9. Be2 O-O 10. O-O Nbd7 11. Nc3 $146 Qa5 12. e4 Ng4 13. Qc2 Nge5 14. Nxe5
Nxe5 15. f4 Ng4 16. Bxg4 Bxg4 17. f5 gxf5 18. h3 Bh5 19. exf5 Bd4+ 20. Kh1 f6
21. Bh6 Rfb8 22. Rae1 Be5 {Jeg ønsker å få med dronningen i angrepet via
feltet g3. Og da velger jeg å ofre kvalitet for å få tilgang til g3-feltet. I
begynnelsen havner Txe5 litt nede på Fritz sin liste over trekkforslag. Men
etter noen minutters beregninger klatrer Txe5 til øverst på listen med
hvitfordel på ca. 1.2.} 23. Rxe5 $1 dxe5 (23... fxe5 $4 {ville vært en stor
feil pga} 24. Qd2 Kh8 25. Qg5 Rg8 26. Qxh5) 24. Qd3 ({Fritz vil spille} 24. g4
Bf7 25. g5 Kh8 (25... fxg5 $2 26. Qg2 Qa6 27. Qxg5+ Bg6 28. Rf2) 26. g6 hxg6
27. fxg6 Qa6 28. Rg1 Bxd5+ 29. Nxd5 Qe6 30. Qg2) 24... Kh8 25. Qg3 Rg8 26. Qh4
Bf7 27. d6 Qb4 $11 ({Her hadde jeg regnet med} 27... Qd8 28. dxe7 Qxe7) 28. Ne4
Bd5 29. dxe7 Ra6 30. Bg7+ $6 {Dette løperofferet vinner tilsynelatende
kvalitet, men er egentlig en feil. Hvit må forberede løperofferet ved å først
beskytte springeren på e4.} ({F.eks.} 30. Re1 Qxb2 31. Bg7+ $1 Kxg7 32. Qg3+
Kh8 33. Qxg8+ Bxg8 34. e8=Q $11) 30... Kxg7 31. Qg4+ Kf7 $4 {Tapstrekket.} ({
Svart står best etter} 31... Kh8 $19 32. Nxf6 (32. Qxg8+ $2 Bxg8 33. e8=Q Qxe4)
32... Qxg4 33. Nxg4 h5) 32. Qxg8+ Kxg8 33. e8=Q+ Kg7 34. Qe7+ Bf7 35. Nd6 ({
Raskeste vinst får man med} 35. Rf3 $1 {med den dødelige trusselen Tg3+}) 35...
Rxd6 36. Qxd6 Bxa2 $2 {Nå vinner hvit forsert.} ({Fritz foreslår} 36... h5) 37.
Qe7+ Bf7 38. Rf3 Qh4 39. Kh2 Qh5 40. Rg3+ Kh6 41. Qf8# 1-0

[Event "Østlandsserien 2016/2017, 3. div. B"]
[Site "Ås, Akershus NOR"]
[Date "2017.01.15"]
[Round "3"]
[White "Solli, Espen"]
[Black "Lund, Petter"]
[Result "1-0"]
[WhiteElo "1671"]
[BlackElo "1583"]
[PlyCount "77"]
[EventDate "2016.10.30"]
[Board "3"]
[WhiteTeam "Moss 2"]
[BlackTeam "Follo 2"]

1. d4 Nf6 2. Bg5 e6 3. e4 Be7 4. Bd3 d6 5. Nd2 Nbd7 6. Ngf3 O-O 7. O-O c5 8. c3
b6 9. Re1 e5 10. Bxf6 Bxf6 11. d5 a6 12. a4 Rb8 13. c4 Kh8 14. Nf1 g6 15. Ne3
Bg7 16. Qc2 Nf6 17. h3 Ng8 18. g4 f6 19. Kf1 Rb7 20. Ke2 Rbf7 21. Rf1 Bh6 22.
Qc3 Bf4 23. Ng2 g5 24. Nxf4 gxf4 25. Rh1 Rg7 26. Rag1 Ne7 27. Qe1 Qe8 28. b3
Bd7 29. Nd2 b5 30. axb5 axb5 31. f3 b4 32. h4 Qc8 33. h5 Qa6 34. h6 Rg6 35. Qh4
Qa2 36. Ra1 Qb2 37. Ra7 Ng8 38. Rxd7 Qd4 39. Qf2 1-0

[Event "Østlandsserien 2016/2017, 3. div. B"]
[Site "Ås, Akershus NOR"]
[Date "2017.01.15"]
[Round "3"]
[White "Moberg, Jan Rune"]
[Black "Johansen, Arnstein"]
[Result "0-1"]
[WhiteElo "1529"]
[BlackElo "1481"]
[PlyCount "109"]
[EventDate "2016.10.30"]
[Board "4"]
[WhiteTeam "Follo  2"]
[BlackTeam "Moss 2"]

1. d4 Nf6 2. Nf3 e6 3. g3 b6 4. Bg2 Bb7 5. O-O Be7 6. c4 c6 7. Nc3 O-O 8. Qb3
d5 9. cxd5 exd5 10. Bf4 Nbd7 11. Rfe1 Re8 12. Rac1 a5 13. a3 Ba6 14. Ne5 Nxe5
15. dxe5 Nd7 16. e4 Nc5 17. Qc2 Nd3 18. exd5 cxd5 19. Bxd5 Rc8 20. Red1 Rxc3
21. Bxf7+ Kxf7 22. Qxc3 Nxc1 23. Rxc1 Qd5 24. Be3 Bb7 25. Qc4 b5 26. Qxd5+ Bxd5
27. Rc7 h6 28. Bc5 Ke6 29. f4 g6 30. b4 axb4 31. axb4 Bxc5+ 32. Rxc5 Bc4 33.
Rc6+ Kf7 34. g4 Rd8 35. Rf6+ Kg7 36. Kg2 Rd2+ 37. Kg3 Rd3+ 38. Kg2 Bd5+ 39. Kf2
Rh3 40. Rb6 Rxh2+ 41. Kg3 Rg2+ 42. Kh3 Rf2 43. Rxb5 Be4 44. Rc5 Rxf4 45. Rc7+
Rf7 46. Rc4 Rf3+ 47. Kh2 Bd5 48. Rd4 Be6 49. Rd6 Bxg4 50. b5 Rf7 51. b6 Bc8 52.
e6 Re7 53. Rd7 Bxd7 54. b7 Re8 55. exd7 0-1

[Event "Østlandsserien 2016/2017, 3. div. D"]
[Site "Ås, Akershus NOR"]
[Date "2017.01.15"]
[Round "3"]
[White "Johnsen, John Kr"]
[Black "Kielland-Lund, Jon"]
[Result "1/2-1/2"]
[WhiteElo "1614"]
[BlackElo "1499"]
[PlyCount "95"]
[EventDate "2016.10.30"]
[Board "1"]
[WhiteTeam "OSS Hobby"]
[BlackTeam "Follo 3"]

1. Nf3 d5 2. d4 Nf6 3. c4 c6 4. g3 Bf5 5. Nc3 e6 6. Bg2 Bd6 7.
O-O Qc7 8. cxd5 exd5 9. Nh4 Bg4 10. Qd3 O-O 11. f3 Bh5 12. e4 Bb4 13. Bg5 Ne8
14. exd5 Bxc3 15. bxc3 cxd5 16. Bf4 Qd7 17. Qf5 Bg6 18. Qxd7 Nxd7 19. Nxg6 hxg6
20. Rfe1 Nef6 21. Re7 Rfe8 22. Rae1 Rxe7 23. Rxe7 Re8 24. Bd6 Rxe7 25. Bxe7 Nb6
26. Bxf6 gxf6 27. f4 Kf8 28. Kf2 Ke7 29. Ke3 Kd6 30. h4 Nc4+ 31. Kd3 Nb2+ 32.
Kc2 Nc4 33. Kd3 Nb2+ 34. Ke2 b5 35. g4 Na4 36. h5 gxh5 37. gxh5 Ke7 38. Kd3 Nb6
39. Ke3 Kf8 40. Kd3 Kg7 41. Bf3 f5 42. Kc2 Kh6 43. Kb3 a5 44. Kc2 f6 45. Kd3
Kg7 46. Be2 Kh6 47. Bf3 Kg7 48. Be2 1/2-1/2

[Event "Østlandsserien 2016/2017, 3. div. D"]
[Site "Ås, Akershus NOR"]
[Date "2017.01.15"]
[Round "3"]
[White "Johnson, David"]
[Black "Fuglesang, Michael W"]
[Result "1-0"]
[WhiteElo "1460"]
[BlackElo "1569"]
[PlyCount "55"]
[EventDate "2016.10.30"]
[Board "2"]
[WhiteTeam "Follo 3"]
[BlackTeam "OSS Hobby"]

1. e4 e5 2. Nf3 Nc6 3. Bc4 Bc5 4. O-O Nf6 5. d3 a6 6. Bg5 h6 7. Bh4 g5 8. Bg3
d6 9. Qd2 Nh5 10. Nc3 Na5 11. Bb3 Nxb3 12. axb3 f5 13. exf5 Bxf5 14. Rfe1 O-O
15. Ne4 Bxe4 16. Rxe4 Qf6 17. Rae1 Nxg3 18. hxg3 Qg6 19. d4 exd4 20. Nxd4 Rf6
21. f3 d5 22. R4e2 Bd6 23. Kf2 c5 24. Ne6 d4 25. Qa5 Rc8 26. Qb6 Rc7 27. Qxd6
Rc6 28. Qd8+ 1-0

[Event "Østlandsserien 2016/2017, 3. div. D"]
[Site "Ås, Akershus NOR"]
[Date "2017.01.15"]
[Round "3"]
[White "Prunier, Camille Victor"]
[Black "Simonsen, Steinar"]
[Result "1-0"]
[WhiteElo "1545"]
[BlackElo "1218"]
[PlyCount "103"]
[EventDate "2016.10.30"]
[Board "3"]
[WhiteTeam "OSS Hobby"]
[BlackTeam "Follo 3"]

1. d4 d5 2. Nf3 Nc6 3. Bf4 e6 4. e3 Nf6 5. h3 Bd6 6. Ne5 Bxe5 7. dxe5 Ng8 8.
Be2 g6 9. O-O d4 10. Bb5 Qd5 11. Bxc6+ Qxc6 12. exd4 Ne7 13. Bg5 b6 14. Bf6 Rg8
15. c3 Bb7 16. f3 Nf5 17. Qe1 g5 18. Rf2 Ng3 19. Nd2 Rg6 20. Kh2 Nh5 21. Ne4 h6
22. b3 Nf4 23. Qd2 Nd5 24. c4 Nxf6 25. Nxf6+ Kf8 26. Qb4+ Kg7 27. Qe7 Rc8 28.
d5 exd5 29. cxd5 Qc5 30. Qxc5 bxc5 31. Rc1 Rxf6 32. exf6+ Kxf6 33. Rxc5 Ke5 34.
Rd2 Kd6 35. Rb5 Ba6 36. Ra5 Bb7 37. Rxa7 Bxd5 38. Ra5 c6 39. Ra7 Ke6 40. b4 f6
41. a4 h5 42. a5 Rb8 43. Rb2 g4 44. hxg4 hxg4 45. fxg4 Rg8 46. b5 cxb5 47. Rxb5
Rxg4 48. Rb2 Rh4+ 49. Kg3 Ra4 50. Rf2 Ra3+ 51. Kh2 Ra4 52. Ra6+ 1-0

[Event "Østlandsserien 2016/2017, 3. div. D"]
[Site "Ås, Akershus NOR"]
[Date "2017.01.15"]
[Round "3"]
[White "Bø, Martin"]
[Black "Johansen, Aleksander"]
[Result "1-0"]
[WhiteElo "1285"]
[BlackElo "1266"]
[PlyCount "77"]
[EventDate "2016.10.30"]
[Board "4"]
[WhiteTeam "Follo 3"]
[BlackTeam "OSS Hobby"]

1. d4 d5 2. Nf3 a6 3. c4 dxc4 4. g3 b5 5. a4 Bb7 6. Bg2 e6 7. O-O Nf6 8. b3
Nbd7 9. bxc4 bxc4 10. Na3 Be7 11. Nxc4 c5 12. a5 cxd4 13. Nxd4 Bxg2 14. Kxg2
Rc8 15. Qa4 O-O 16. Nc6 Qe8 17. Nxe7+ Qxe7 18. Ba3 Nc5 19. Qc2 Rc6 20. Ne5 Rcc8
21. Rab1 Qc7 22. Nd3 Nfd7 23. Rfc1 Qc6+ 24. Kg1 Qa4 25. Bxc5 Qxc2 26. Rxc2 Rc6
27. Rc3 Rfc8 28. Rbc1 Nxc5 29. Rxc5 Rxc5 30. Rxc5 Rb8 31. Rc6 g6 32. Rxa6 Rb1+
33. Kg2 Ra1 34. Ra8+ Kg7 35. a6 Ra2 36. a7 h5 37. Nb4 Ra4 38. Nc6 Ra6 39. Rb8
1-0

[Event "Østlandsserien 2016/2017, 4. div. D"]
[Site "Ås, Akershus NOR"]
[Date "2017.01.15"]
[Round "3"]
[White "Bråten, Martin"]
[Black "Garmark, Vegard"]
[Result "0-1"]
[WhiteElo "1554"]
[BlackElo "1217"]
[PlyCount "54"]
[EventDate "2016.10.30"]
[Board "1"]
[WhiteTeam "Vålerenga 5"]
[BlackTeam "Follo 4"]

1. d4 Nf6 2. c4 e6 3. Nc3 Bb4 4. e3 b6 5. Nge2 Bb7 6. a3 Be7 7. Ng3 d5 8. cxd5
Nxd5 9. Bd3 Nxc3 10. bxc3 Bxg2 11. Rg1 Bb7 12. Qg4 g6 13. e4 Ba6 14. Bxa6 Nxa6
15. e5 h5 16. Qf3 Qd5 17. Ne4 O-O-O 18. Qe2 Nb8 19. a4 Nd7 20. f3 Rhg8 21. Be3
f5 22. c4 Qa5+ 23. Bd2 Bb4 24. Bxb4 Qxb4+ 25. Nd2 Qb2 26. c5 Qxa1+ 27. Nb1 Qxa4
0-1

[Event "Østlandsserien 2016/2017, 4. div. D"]
[Site "Ås, Akershus NOR"]
[Date "2017.01.15"]
[Round "3"]
[White "Midtgard, Anders"]
[Black "Vikhamar-Sandberg, Oskar"]
[Result "0-1"]
[WhiteElo "1125"]
[BlackElo "1371"]
[PlyCount "86"]
[EventDate "2016.10.30"]
[Board "2"]
[WhiteTeam "Follo 4"]
[BlackTeam "Vålerenga 5"]

1. d4 Nf6 2. c4 c5 3. Nf3 cxd4 4. Nxd4 e5 5. Nb5 d6 6. N1c3 a6 7. Na3 Bf5 8. g3
Nc6 9. Bg2 Be7 10. Bg5 O-O 11. O-O Qb6 12. Qd2 Rfe8 13. Bxf6 Bxf6 14. Nd5 Qd8
15. Nc2 Bg5 16. e3 Rc8 17. b3 Qa5 18. Qxa5 Nxa5 19. e4 Be6 20. Rfd1 b5 21. b4
Nxc4 22. h4 Bh6 23. Nce3 Nxe3 24. fxe3 Bxd5 25. Rxd5 Bxe3+ 26. Kh2 Bd4 27. Rd1
Red8 28. R5xd4 exd4 29. Rxd4 Rc4 30. Rd2 Rxb4 31. e5 d5 32. Bxd5 Kf8 33. Kh3
Rb1 34. Kg2 Re1 35. Rd3 Rxe5 36. Bc4 Rxd3 37. Bxd3 Rd5 38. Bb1 Rd1 39. Be4 Rd2+
40. Kf3 Rxa2 41. Bd5 Rd2 42. Bc6 b4 43. Ba4 b3 0-1

[Event "Østlandsserien 2016/2017, 4. div. D"]
[Site "Ås, Akershus NOR"]
[Date "2017.01.15"]
[Round "3"]
[White "Løtveit, Sjur Vullum"]
[Black "Samset, Jon"]
[Result "1-0"]
[WhiteElo "1338"]
[BlackElo "1069"]
[PlyCount "67"]
[EventDate "2016.10.30"]
[Board "3"]
[WhiteTeam "Vålerenga 5"]
[BlackTeam "Follo 4"]

1. e4 g6 2. d4 Nf6 3. Nc3 d6 4. Be3 a6 5. h3 b5 6. a3 Bg7 7. Qd2 O-O 8. Bh6
Nbd7 9. Bxg7 Kxg7 10. Nge2 Bb7 11. Ng3 c5 12. d5 c4 13. Be2 Nc5 14. Bf3 Qa5 15.
O-O Na4 16. h4 Nxb2 17. Qd4 Kg8 18. h5 h6 19. hxg6 fxg6 20. Nce2 Na4 21. Nf4
Kh7 22. Ne6 Rf7 23. e5 dxe5 24. Qh4 Qd2 25. Rfd1 g5 26. Qh3 g4 27. Bxg4 Qc3 28.
Ng5+ Kg8 29. Nxf7 Nxg4 30. Qxg4+ Kxf7 31. Qe6+ Kf8 32. Nf5 Re8 33. Qxh6+ Kf7
34. Qg7# 1-0